<?xml version="1.0" encoding="UTF-8"?>
<record
    xmlns:xsi="http://www.w3.org/2001/XMLSchema-instance"
    xsi:schemaLocation="http://www.loc.gov/MARC21/slim http://www.loc.gov/standards/marcxml/schema/MARC21slim.xsd"
    xmlns="http://www.loc.gov/MARC21/slim">

  <leader>00622nam a22001577a 4500</leader>
  <controlfield tag="003">OSt</controlfield>
  <controlfield tag="005">20150923160817.0</controlfield>
  <controlfield tag="008">150923b        xxu||||| |||| 00| 0 eng d</controlfield>
  <datafield tag="040" ind1=" " ind2=" ">
    <subfield code="c">RUA</subfield>
  </datafield>
  <datafield tag="082" ind1=" " ind2=" ">
    <subfield code="a">AGR KEU 2010 B047 Or.1</subfield>
  </datafield>
  <datafield tag="100" ind1=" " ind2=" ">
    <subfield code="9">1214</subfield>
    <subfield code="a">KEUT, ODOM</subfield>
  </datafield>
  <datafield tag="245" ind1=" " ind2=" ">
    <subfield code="a">Effect of seeding rates on broad casting rice grown under prateac laring soil,(&#x17A5;&#x1791;&#x17D2;&#x1792;&#x17B7;&#x1796;&#x179B;&#x1793;&#x17C3;&#x1794;&#x179A;&#x17B7;&#x1798;&#x17B6;&#x178E;&#x1782;&#x17D2;&#x179A;&#x17B6;&#x1794;&#x17CB;&#x1796;&#x17BC;&#x1787;&#x179B;&#x17BE;&#x178A;&#x17C6;&#x178E;&#x17B6;&#x17C6;&#x179F;&#x17D2;&#x179A;&#x17BC;&#x179C;&#x1796;&#x1784;&#x17D2;&#x179A;&#x17BD;&#x179F;&#x200B; &#x178A;&#x17B6;&#x17C6;&#x178A;&#x17BB;&#x17C7;&#x179B;&#x17BE;&#x178A;&#x17B8;&#x1794;&#x17D2;&#x179A;&#x1791;&#x17C7;&#x17A1;&#x17B6;&#x1784;)</subfield>
  </datafield>
  <datafield tag="260" ind1=" " ind2=" ">
    <subfield code="a">Phnom Penh</subfield>
    <subfield code="b">RUA</subfield>
    <subfield code="c">2010</subfield>
  </datafield>
  <datafield tag="300" ind1=" " ind2=" ">
    <subfield code="a">x, 42</subfield>
    <subfield code="b">ill.</subfield>
    <subfield code="c">29cm.</subfield>
  </datafield>
  <datafield tag="942" ind1=" " ind2=" ">
    <subfield code="2">ddc</subfield>
    <subfield code="c">AGR</subfield>
  </datafield>
  <datafield tag="999" ind1=" " ind2=" ">
    <subfield code="c">1157</subfield>
    <subfield code="d">1157</subfield>
  </datafield>
  <datafield tag="952" ind1=" " ind2=" ">
    <subfield code="0">0</subfield>
    <subfield code="1">0</subfield>
    <subfield code="2">ddc</subfield>
    <subfield code="4">0</subfield>
    <subfield code="6">AGR_KEU_2010_000000000000000_B047_OR_1</subfield>
    <subfield code="7">0</subfield>
    <subfield code="9">4751</subfield>
    <subfield code="a">LBB</subfield>
    <subfield code="b">LBB</subfield>
    <subfield code="c">B047</subfield>
    <subfield code="d">2015-09-23</subfield>
    <subfield code="o">AGR KEU 2010 B047 Or.1</subfield>
    <subfield code="p">RUA006072</subfield>
    <subfield code="r">2015-09-23</subfield>
    <subfield code="w">2015-09-23</subfield>
    <subfield code="y">AGR</subfield>
  </datafield>
  <datafield tag="952" ind1=" " ind2=" ">
    <subfield code="0">0</subfield>
    <subfield code="1">0</subfield>
    <subfield code="2">ddc</subfield>
    <subfield code="4">0</subfield>
    <subfield code="6">AGR_KEU_2010_000000000000000_B047_OR_2</subfield>
    <subfield code="7">0</subfield>
    <subfield code="9">4752</subfield>
    <subfield code="a">LBB</subfield>
    <subfield code="b">LBB</subfield>
    <subfield code="c">B047</subfield>
    <subfield code="d">2015-09-23</subfield>
    <subfield code="o">AGR KEU 2010 B047 Or.2</subfield>
    <subfield code="p">RUA006562</subfield>
    <subfield code="r">2015-09-23</subfield>
    <subfield code="w">2015-09-23</subfield>
    <subfield code="y">AGR</subfield>
  </datafield>
  <datafield tag="952" ind1=" " ind2=" ">
    <subfield code="0">0</subfield>
    <subfield code="1">0</subfield>
    <subfield code="2">ddc</subfield>
    <subfield code="4">0</subfield>
    <subfield code="6">AGR_KEU_2010_000000000000000_B047_OR_3</subfield>
    <subfield code="7">0</subfield>
    <subfield code="9">13784</subfield>
    <subfield code="a">LBB</subfield>
    <subfield code="b">LBB</subfield>
    <subfield code="d">2015-10-28</subfield>
    <subfield code="l">1</subfield>
    <subfield code="o">AGR KEU 2010 B047 Or.3</subfield>
    <subfield code="p">RUA012307</subfield>
    <subfield code="r">2016-07-19</subfield>
    <subfield code="s">2016-07-19</subfield>
    <subfield code="w">2015-10-28</subfield>
    <subfield code="y">AGR</subfield>
  </datafield>
</record>
